00594nam a22001457a 4500082002000000110003100020245006100051300001200112526003700124526003700161942001200198999001900210952011800229952010100347 a355.400956bCRI aStaff College Queta950017 aCritical study of the campaign in Mesopotamia uo to 1917 a362 p.: a0b0c0d355_400956000000000_CRI a0b0c0d355_400956000000000_CRI 2ddccBK c552751d552751 00102ddc4070aMCEbMCEcArchive Sectiond2015-01-21l0o355.400956 CRIpMCE-ECC/48r2015-01-21w2015-01-21yBK 00102ddc4070aMCEbMCEd2015-01-21l0o355.400956 CRIpMCE-ECC/49r2015-01-21w2015-01-21yBK